مكتبة جامعة عجلون الوطنية

فهرس بحث المكتبة

Normal view MARC view
  • تاليف عبد الحميد ، محمد محي الدين

Entry Personal Name

Number of records used in: 1

001 - CONTROL NUMBER

  • control field: 36678

003 - CONTROL NUMBER IDENTIFIER

  • control field: JO-AjAnu

005 - DATE AND TIME OF LATEST TRANSACTION

  • control field: 20230606080125.0

008 - FIXED-LENGTH DATA ELEMENTS

  • fixed length control field: 230606|| aca||aabn | a|a d

040 ## - CATALOGING SOURCE

  • Original cataloging agency: JO-AjAnu
  • Transcribing agency: JO-AjAnu

100 ## - HEADING--PERSONAL NAME

  • Personal name: تاليف عبد الحميد ، محمد محي الدين

670 ## - SOURCE DATA FOUND

  • Source citation: Work cat.: (JO-AjAnu)18828: تاليف عبد الحميد ، محمد محي الدين, author, التحفة السنّية بشرح المقدمة الآجرومية